Missing Word: Neil Diamond (A-Z) Quiz Stats

 Plays Quiz Updated May 14, 2018

Challenge
Share
Tweet
Embed
Score 0/22 Timer 03:00
0 Plays Today
Song Answer % Correct
The Long Way _____Home
96.7%
Sweet _____Caroline
95.2%
Let Me Take You in My _____ AgainArms
94.2%
Open Wide These Prison _____Doors
93.3%
He Ain't Heavy, He's My _____Brother
91.2%
Forever in Blue _____Jeans
90%
The Best _____ of Our LivesYears
84.3%
_____, You'll Be a Woman SoonGirl
83.9%
Song _____ BlueSung
79.4%
Hurtin' You Don't Come _____Easy
79.2%
_____ the Lord for the Night TimeThank
75.9%
Song Answer % Correct
Walk on _____Water
71.1%
Back Home Again in _____Indiana
69.2%
_____ It's Time for You to GoUntil
65.1%
The Boat That I _____Row
57.7%
A _____ Day Version of LoveModern
46.8%
_____ WomanKentucky
42.6%
You'll _____Forget
30.5%
New _____Orleans
29.9%
Beautiful _____Noise
18.3%
_____ SerenadeLongfellow
17.1%
_____ MePlay
13.5%

Today's Daily Dose

Missing Word
'F' Pairs

Word Ladder
Mixed Synonyms

On This Day
August 15th II

You're not logged in!

Compare scores with friends on all Sporcle quizzes.
Join for Free
OR
Log In

You Might Also Like...

Show Comments

Extras

Top Quizzes Today


Score Distribution

Your Account Isn't Verified!

In order to create a playlist on Sporcle, you need to verify the email address you used during registration. Go to your Sporcle Settings to finish the process.

Report this User

Report this user for behavior that violates our Community Guidelines.

Details: